000 00377nam a2200145Ia 4500
008 230917s9999||||xx |||||||||||||| ||und||
040 _e145265
_aMAIN
041 _aEnglish
082 _a361.32 S12C
100 _aSaari, Carolyn
245 0 _aClinical social work treatment: how does it work?
260 _aNew Delhi
_bGardner press
_c1986
300 _a230p. p.
942 _cBK
999 _c55598
_d55598